000 01384nam a2200349Ia 4500
001 ebr10659038
003 CaPaEBR
006 m u
007 cr cn|||||||||
008 091014s2010 nyua sb 001 0 eng d
010 _z 2009040790
020 _z160876544X (hardcover)
020 _z9781608765447 (hardcover)
020 _z9781612090955 (ebook)
040 _aCaPaEBR
_cCaPaEBR
035 _a(OCoLC)676700366
050 1 4 _aQP702.P6
_bP6426 2010eb
082 0 4 _a572/.566
_222
245 0 0 _aPolysaccharides
_h[electronic resource] :
_bdevelopment, properties and applications /
_cAshutosh Tiwari, editor.
260 _aNew York :
_bNova Science Publishers,
_cc2010.
300 _aviii, 552 p. :
_bill.
490 1 _aPolymer science and technology
504 _aIncludes bibliographical references and index.
533 _aElectronic reproduction.
_bPalo Alto, Calif. :
_cebrary,
_d2013.
_nAvailable via World Wide Web.
_nAccess may be limited to ebrary affiliated libraries.
650 0 _aPolysaccharides.
650 0 _aSaccharides.
655 7 _aElectronic books.
_2local
700 1 _aTiwari, Ashutosh,
_d1945-
710 2 _aebrary, Inc.
830 0 _aPolymer science and technology series (Nova Science Publishers)
856 4 0 _uhttp://site.ebrary.com/lib/rucke/Doc?id=10659038
_zAn electronic book accessible through the World Wide Web; click to view
999 _c167346
_d167346